000 00713cam a2200265 4500500
005 20260329003814.0
041 _afre
042 _adc
100 1 0 _aFereday, Jack
_eauthor
245 0 0 _aEn Inde, la croisade des WC
260 _c2017.
500 _a51
690 _aAutonomie
690 _aBiopouvoir
690 _aExcrément
690 _aInde
690 _aJack Fereday
690 _aMerde
690 _aMichel Foucault
690 _aNarendra Modi
690 _aToilettes
690 _aWC
786 0 _nPhilosophie magazine | 107 | 3 | 2017-03-01 | p. 19-21 | 1951-1787
856 4 1 _uhttps://shs.cairn.info/magazine-philosophie-magazine-2017-3-page-19?lang=fr&redirect-ssocas=7080
999 _c1827835
_d1827835